000 00656nam a2200145 a 4500
008 120416s1999 ||||||||||||||||| || u
050 _aS 600.43.S83 Man
100 _aMandal, R. C
245 1 0 _aAgricultural statistics
246 _atechniques qnd procedures
260 _aNew Delhi
_bAgro-botanical
_c1999
350 _a0.00
995 _aMAIN LIBRARY OPEN ACCESS
_D0.00
_e732339
_FCBU-MAIN LIBRARY (Kitwe)
_H1
_I30.00
_jS 600.43.S83 Man
_M1
_UAVAILABLE
_y029598
_ZMain Library Open Access Collection
995 _aANNEX COLLECTION (Main Library)
_D0.00
_e732340
_FCBU-MAIN LIBRARY (Kitwe)
_H2
_I30.00
_jS 600.43.S83 Man
_M2
_UAVAILABLE
_y029596
_ZAnnex Low-Usage Collection
999 _c83852
_d83852